Specimen prearation in materials science /

Guardado en:
Autor Principal: Goodhew, P. J.
Formato: Libro
Idioma:English
Publicado: Amsterdam : North-Holland, 1972.
Edición:1st ed.
Series:Practical methods in electron microscopy ; v. 1, Part 1
Materias:
Etiquetas: Agregar Etiqueta
Sin Etiquetas, Sea el primero en etiquetar este registro!
LEADER 00780nam a22002055a 4500
001 EIQ.libpla004348
008 060607s1972####ne#ao####b####001#0#eng#d
005 20130312103540.0
245 1 0 |a Specimen prearation in materials science /  |c P. J. Goodhew. 
250 |a 1st ed. 
260 |a Amsterdam :  |b North-Holland,  |c 1972. 
300 |a 180 p. :  |b il., fotos ;  |c 22 cm. 
440 0 |a Practical methods in electron microscopy ;  |v v. 1, Part 1 
504 |a Incluye referencias bibliográficas e índice. 
020 |a 0720442524 
100 1 |a Goodhew, P. J. 
650 4 |a Microscopía electrónica  |x Preparación de muestras 
650 4 |a Electron microscopy  |x Specimen preparation 
040 |a AR-BbSID  |b spa  |c AR-BbSID 
859 |a AR-BbSID  |b BIB. PLAPIQUI  |h 543.085  |i P881  |p 2620  |v 1 Pte.1  |3 Vol. 1 - Pte.1